Представление документа в формате MARC21

Поле Инд. ПП Название Значение
Тип записи a
Библиографический уровень m
001 Контрольный номер 9c3715cf-7646-4a90-ae04-cdc6c1c469f4
005 Дата корректировки 20140225173446.9
008 Кодируемые данные 060607s1981 rur a 000u 0rus d
020 c Цена, тираж 90 к.
040 a Служба первич. каталог. RuMoRKP
a Служба первич. каталог. НБ ТвГУ
041 00 a Код языка текста rus
080 00 a Индекс УДК 796.41-055.2
084 a Индекс другой классификации/Индекс ББК Ч516
090 a Полочн. индекс 7А1.2
x Авторский знак К 22
100 _0 a Автор Карелина Ольга Васильевна
q Полное имя Карелина О. В.
245 a Заглавие Ни дня без гимнастики
260 a Место издания Москва
b Издательство Физкультура и спорт
c Дата издания 1981
300 a Объем 40 с.
b Иллюстрации/ тип воспроизводства ил., [2] отд. л. ил.
c Размеры 20 см.
440 a Серия Гимнастика в комплексе ГТО
650 a Основная рубрика Физическая культура и спорт
650 a Основная рубрика Гимнастика
653 a Ключевые слова Гимнастика для женщин
a Ключевые слова Физическая культура
920 a Оператор Суха
954 a Дата поступления на обработку 20091019